<?xml version="1.0" encoding="UTF-8"?>
<record
    xmlns:xsi="http://www.w3.org/2001/XMLSchema-instance"
    xsi:schemaLocation="http://www.loc.gov/MARC21/slim http://www.loc.gov/standards/marcxml/schema/MARC21slim.xsd"
    xmlns="http://www.loc.gov/MARC21/slim">

  <leader>00783nam a22001937a 4500</leader>
  <datafield tag="999" ind1=" " ind2=" ">
    <subfield code="c">169351</subfield>
    <subfield code="d">169351</subfield>
  </datafield>
  <controlfield tag="005">20191115145013.0</controlfield>
  <datafield tag="010" ind1=" " ind2=" ">
    <subfield code="a">UR-10592</subfield>
  </datafield>
  <datafield tag="020" ind1=" " ind2=" ">
    <subfield code="c">168.00</subfield>
    <subfield code="a">9789389002300</subfield>
  </datafield>
  <datafield tag="035" ind1=" " ind2=" ">
    <subfield code="a">U-9147</subfield>
  </datafield>
  <datafield tag="037" ind1=" " ind2=" ">
    <subfield code="b">DBAD/PUB</subfield>
    <subfield code="a">-</subfield>
  </datafield>
  <datafield tag="082" ind1=" " ind2=" ">
    <subfield code="a">840.8</subfield>
  </datafield>
  <datafield tag="100" ind1=" " ind2=" ">
    <subfield code="a">&#x642;&#x62F; &#x633;&#x64A;&#x6C1; &#x646;&#x635;&#x64A;&#x631; </subfield>
  </datafield>
  <datafield tag="245" ind1=" " ind2=" ">
    <subfield code="a">&#x62E;&#x648; &#x627; &#x62C;&#x6C1; &#x627; &#x62D;&#x645;&#x62F; &#x639;&#x628;&#x627; &#x633; &#x6A9;&#x6CC; &#x627; &#x641;&#x633;&#x627; &#x646;&#x6C1; &#x646;&#x6AF;&#x627; &#x631; &#x6CC; (&#x6AF;&#x64A;&#x6C1;&#x648; &#x6BA; &#x627; &#x648;&#x631; &#x6AF;&#x644;&#x627; &#x628; &#x6A9;&#x6CC; &#x631; &#x648; &#x634;&#x646;&#x6CC; &#x645;&#x64A;&#x6BA;)</subfield>
    <subfield code="c">&#x642;&#x62F; &#x633;&#x64A;&#x6C1; &#x646;&#x635;&#x64A;&#x631; </subfield>
  </datafield>
  <datafield tag="246" ind1=" " ind2=" ">
    <subfield code="b">Khawaja Ahmed Abbas Ki Afsana Nigari(GehunAur Gulab Ki Roshni Mein) (Urdu)</subfield>
    <subfield code="a">by Dr. Qudsia Naseer</subfield>
  </datafield>
  <datafield tag="260" ind1=" " ind2=" ">
    <subfield code="a">Delhi</subfield>
    <subfield code="b">Educational Publishing House</subfield>
    <subfield code="c">2019 &#x621;</subfield>
  </datafield>
  <datafield tag="270" ind1=" " ind2=" ">
    <subfield code="a">3191,Vakil Street, Kucha Pandit,Lal Kuan,</subfield>
    <subfield code="b">Delhi</subfield>
    <subfield code="e">110006</subfield>
    <subfield code="k">01123216162</subfield>
    <subfield code="l">-</subfield>
  </datafield>
  <datafield tag="300" ind1=" " ind2=" ">
    <subfield code="a">272 &#x635; </subfield>
    <subfield code="c">22 Cm(Hb)</subfield>
  </datafield>
  <datafield tag="942" ind1=" " ind2=" ">
    <subfield code="2">ddc</subfield>
    <subfield code="c">UR</subfield>
    <subfield code="h">840.8</subfield>
    <subfield code="m">&#x642; &#x62F; &#x633; </subfield>
  </datafield>
  <datafield tag="952" ind1=" " ind2=" ">
    <subfield code="0">0</subfield>
    <subfield code="1">0</subfield>
    <subfield code="4">0</subfield>
    <subfield code="7">1</subfield>
    <subfield code="8">NFIC</subfield>
    <subfield code="a">DBAD</subfield>
    <subfield code="b">DBAD</subfield>
    <subfield code="d">2019-11-15</subfield>
    <subfield code="e">DBAD/PUB</subfield>
    <subfield code="g">168.00</subfield>
    <subfield code="l">0</subfield>
    <subfield code="o">840.8 &#x642; &#x62F; &#x633;</subfield>
    <subfield code="p">U-9147</subfield>
    <subfield code="r">2019-11-15 00:00:00</subfield>
    <subfield code="t">1</subfield>
    <subfield code="v">168.00</subfield>
    <subfield code="w">2019-11-15</subfield>
    <subfield code="y">UR</subfield>
  </datafield>
</record>
